Najkomplexnejšia a zároveň najviac opomínaná oblasť finančnej gramotnosti: poistenie

Poistné znalosti ako súčasť finančnej gramotnosti a význam ich chápania spotrebiteľmi. Finančná gramotnosť v oblasti poistenia a úroveň finančných vedomostí a rozhodovacích zručností spotrebiteľov.

Gespeichert in:
Bibliographische Detailangaben
1. Verfasser: Jurkovičová, Monika
Format: Buchkapitel
Sprache:Slowakisch
Schlagworte:
Tags: Tag hinzufügen
Keine Tags, Fügen Sie das erste Tag hinzu!

MARC

LEADER 00000nla a2200000 4500
001 0191550
005 20240502073222.5
041 0 |a slo 
044 |a SK 
245 1 0 |a Najkomplexnejšia a zároveň najviac opomínaná oblasť finančnej gramotnosti: poistenie  |c Monika Jurkovičová 
520 |a Poistné znalosti ako súčasť finančnej gramotnosti a význam ich chápania spotrebiteľmi. Finančná gramotnosť v oblasti poistenia a úroveň finančných vedomostí a rozhodovacích zručností spotrebiteľov. 
610 2 0 |a poisťovníctvo 
610 2 0 |a poisťovne 
610 2 0 |a trh poistný 
610 2 0 |a portfólio 
610 2 0 |a druhy poistenia 
610 2 0 |a udalosti poistné 
610 2 0 |a poistenci 
610 2 0 |a gramotnosť finančná 
100 1 |a Jurkovičová, Monika